000 00203 a2200109 4500
020 _a978-0-618-64894-8
041 _aeng
100 _aharbour,jean
245 _aeat and run
942 _cBK
952 _71
999 _c17877
_d17877